| 000 | 00463nam a2200169Ia 4500 | ||
|---|---|---|---|
| 003 | LK-CoDNM | ||
| 005 | 20230916152941.0 | ||
| 008 | 010623t1910 xxu||||| |||| 00| 1 eng d | ||
| 040 |
_aLK-CoDNM _dLK-CoDNM _eLK-CoDNM |
||
| 041 | _aeng | ||
| 080 | _a12F11 | ||
| 100 | _aLarsen,A. | ||
| 245 | _aA Dictionary of the Dano-Norwegian and English Languages | ||
| 260 |
_bGyldendal Publishing House _aCopenhagen _c1910 |
||
| 300 | _b687p., 260: Fourth cm | ||
| 942 | _cBK | ||
| 999 |
_c87226 _d87226 |
||